Regulace účetnictví - trendy a jejich úskalí

Význam účtovníctva ako informačného systému dôležitého pre fungovanie trhového mechanizmu. Svetové účtovníctvo - IFRS a US-GAAP. Medzinárodné účtové štandardy IFRS. Dôkazy o samoregulačnej schopnosti kapitálových trhoch. Príklady.

Salvato in:
Dettagli Bibliografici
Autore principale: Štěpánková, Blanka
Altri autori: Vašek, Libor
Natura: Capitolo di libro
Lingua:ceco
Soggetti:
Tags: Aggiungi Tag
Nessun Tag, puoi essere il primo ad aggiungerne!!

MARC

LEADER 00000naa$a2200000$$$4500
001 0054671
005 20231116103736.7
041 0 |a cze 
044 |a CZ 
245 1 0 |a Regulace účetnictví - trendy a jejich úskalí  |c Blanka Štěpánková, Libor Vašek 
520 |a Význam účtovníctva ako informačného systému dôležitého pre fungovanie trhového mechanizmu. Svetové účtovníctvo - IFRS a US-GAAP. Medzinárodné účtové štandardy IFRS. Dôkazy o samoregulačnej schopnosti kapitálových trhoch. Príklady. 
610 2 0 |a trh kapitálový 
610 2 0 |a trh kapitálový medzinárodný 
610 2 0 |a regulácia 
610 2 0 |a účtovníctvo 
610 2 0 |a systémy informačné 
610 2 0 |a mechanizmus trhový 
610 2 0 |a normy účtovné 
610 2 0 |a štandardy účtovné medzinárodné 
100 1 |a Štěpánková, Blanka 
700 1 |a Vašek, Libor